Dano moral / (Record no. 734)

MARC details
000 -LÍDER
Campo Fixo de Controle 00752nam a2200265 a 4500
001 - NÚMERO DE CONTROLE
Campo de Controle 734
003 - IDENTIFICAÇÃO DO NÚMERO DE CONTROLE
Campo de Controle BR-CuiBMT
005 - DATA E HORA DA ÚLTIMA ATUALIZAÇÃO
Campo de Controle 20231114234130.0
008 - DADOS FIXOS
Dados Fixos 230824s1998 spb 001 0 por d
020 ## - INTERNATIONAL STANDARD BOOK NUMBER
Nº do ISBN 8520316433
040 ## - AGÊNCIA CATALOGADORA
Código da Agência Catalogadora BR-CuiBMT
Agência que transcreveu o registro BR-CuiBMT
080 ## - Nº DA CLASSIFICAÇÃO DECIMAL UNIVERSAL
Nº Class. CDU 347.426.4/.6
Nº edição CDU 2007
090 ## - NÚMERO DE CHAMADA
Nº classificação 347.426.4/.6
Cutter C132d
Ano/Edição 2. ed.
100 1# - ENTRADA PRINCIPAL -- AUTOR PESSOAL
Nome pessoal Cahali, Yussef Said,
Datas associadas ao nome 1930-
245 10 - TÍTULO PRINCIPAL
Título principal Dano moral /
Indicação de responsabilidade Yussef Said Cahali.
250 ## - EDIÇÃO
Edição 2. ed, rev., atual. e ampl.
260 ## - PUBLICAÇÃO, DISTRIBUIÇÃO, ETC.
Local de publicação São Paulo :
Editora Revistas dos Tribunais,
Data c1998.
300 ## - DESCRIÇÃO FÍSICA
N. páginas ou volumes 720 p. ;
Dimensões 22 cm
504 ## - NOTA DE BIBLIOGRAFIA, ETC.
Nota de bibliografia Inclui bibliografia e índice.
650 ## - ASSUNTO TÓPICO
Cabeçalho tópico ou nome geográfico Direito civil
650 ## - ASSUNTO TÓPICO
Cabeçalho tópico ou nome geográfico Donos morais
650 ## - ASSUNTO TÓPICO
Cabeçalho tópico ou nome geográfico Teoria geral do processo
650 ## - ASSUNTO TÓPICO
Cabeçalho tópico ou nome geográfico Direito processual
942 ## - ELEMENTOS DE ENTRADA ADICIONAIS (KOHA)
Fonte de classificação ou esquema de arquivamento Classificação Decimal Universal
Tipo de item do Koha Livros
Holdings
Estado: removido Estado: perdido Fonte de classificação ou esquema de arquivamento Estado: danificado Indisponível para empréstimo Localização permanente Localização atual Data de aquisição Total Checkouts Número de Chamada completo Código de barras Date last seen Número do exemplar Preço efetivo a partir de Tipo de item (Koha)
    Classificação Decimal Universal     Biblioteca da Escola Superior de Contas do TCE/MT Biblioteca da Escola Superior de Contas do TCE/MT 14/11/2023   347.426.4/.6 C132d 2. ed. BIBTCEMT23110594 14/11/2023 Ex. 1 14/11/2023 Livros

Powered by Koha